All Cowboy Bebop Characters - Statistics

General Stats
  • This quiz has been taken 8 times
  • The average score is 9 of 49
Answer Stats
Answer % Correct
Ed
100%
Ein
100%
Faye Valentine
100%
Jet Black
100%
Spike Spiegel
100%
Vicious
86%
Julia
57%
Gren Eckener
43%
Lin
43%
Shin
43%
Vincent Volaju
29%
Andy
14%
Annie
14%
Asimov Solensan
14%
Elektra Ovirowa
14%
Mad Pierrot
14%
Mao Yenrai
14%
Rocco Bonnaro
14%
Victoria Terpsichore
14%
Wen
14%
Abdul Hakim
0%
Antônio
0%
Bob
0%
Carlos
0%
Chessmaster Hex
0%
Coffee
0%
Doohan
0%
Fad
0%
Fatty River
0%
George
0%
Giraffe
0%
Gordon
0%
Jobim
0%
Judy
0%
Julius
0%
Katerina Solensan
0%
Laughing Bull
0%
Lee Sampson
0%
Maria Murdock
0%
Miles
0%
Morgan
0%
Mr. Appledelh
0%
Punch
0%
Rashid
0%
Sally Yung
0%
Teddy Bomber
0%
Udai Taxim
0%
Whitney Hagas Matsumoto
0%
Zebra
0%
No matching quizzes found
Score Distribution
Percent of People with Each Score
Percentile by Number Answered
Your Score History
You have not taken this quiz